Transformace a konvergence ve střední a východní Evropě
Konvergencia transformujúcich sa ekonomík v strednej a východnej Európe. Metodológia konvergencie v ekonomickom raste je rozšírená na konvergenciu vo viacerých makroekonomických ukazovateľoch. Popis dát a použitej ekonometrickej metodológie. Výsledky testovania konvergencie.
Guardado en:
| Autor principal: | |
|---|---|
| Formato: | Capítulo de libro |
| Lenguaje: | checo |
| Materias: | |
| Etiquetas: |
Sin Etiquetas, Sea el primero en etiquetar este registro!
|
MARC
| LEADER | 00000naa a2200000 4500 | ||
|---|---|---|---|
| 001 | r041606 | ||
| 005 | 20231003122305.8 | ||
| 041 | 0 | |a cze | |
| 044 | |a CZ | ||
| 245 | 1 | 0 | |a Transformace a konvergence ve střední a východní Evropě |c Evžen Kočenda |
| 520 | |a Konvergencia transformujúcich sa ekonomík v strednej a východnej Európe. Metodológia konvergencie v ekonomickom raste je rozšírená na konvergenciu vo viacerých makroekonomických ukazovateľoch. Popis dát a použitej ekonometrickej metodológie. Výsledky testovania konvergencie. | ||
| 610 | 2 | 0 | |a transformácia |
| 610 | 2 | 0 | |a konvergencia |
| 610 | 2 | 0 | |a stredná Európa |
| 610 | 2 | 0 | |a východná Európa |
| 610 | 2 | 0 | |a SVE |
| 610 | 2 | 0 | |a analýza ekonometrická |
| 610 | 2 | 0 | |a metodológia |
| 610 | 2 | 0 | |a výroba priemyselná |
| 610 | 2 | 0 | |a ceny |
| 610 | 2 | 0 | |a peniaze |
| 610 | 2 | 0 | |a sadzby úrokové |
| 610 | 2 | 0 | |a CEFTA |
| 100 | 1 | |a Kočenda, Evžen | |